| 000 | 00561nam a22001937a 4500 | ||
|---|---|---|---|
| 003 | OSt | ||
| 005 | 20151028160302.0 | ||
| 008 | 130621t xxu||||| |||| 00| 0 eng d | ||
| 020 | _a9787561918111 | ||
| 050 |
_aPL 1129 _b.Y19 2007 |
||
| 082 |
_aIB 495.18 _bY2 2007 |
||
| 100 | _aMa, Yamin | ||
| 245 |
_aEasy steps to chinese workbook 2 : _cYamin Ma _bsimplified characters version / |
||
| 260 |
_aChina : _bBeijing Language & Culture University, _cc2007. |
||
| 300 |
_a187 p. : _bill. ; _c28 cm. |
||
| 562 | _e1 | ||
| 942 |
_2lcc _cBK |
||
| 999 |
_c2970 _d2970 |
||